000 00749nas a2200241 4500
001 BR8003992
003 BR-BrBNA
005 20231205084344.0
007 ta
008 230509b bl.|||p| |||| 00| 00por d
040 _aBR-BrBNA
_bpor
_cBiblioteca Nacional de Agricultura
041 _a(Pt)
072 _aP12
100 1 _aBueno, B. de S.
100 1 _aPereira Neto, J.T.
245 1 _aAnalise de tensoes verticais em condutos enterrados utilizando o processo de Spangler [Barragem]
650 _aIRRIGACAO
650 _aBARRAGEM
650 _aHIDRAULICA AGRICOLA
773 0 _tITEM. Irrigacao e Tecnologia Moderna (Brazil)
_x
_g(Apr 1980), (no. 3) p. 21-27
_wBR8003992
909 _a202311
_bLúcia
_c55
_dLúcia Elande
942 _2AGRIS
_n0
_cANA
999 _c104687
_d104687